Statistics for Top 25 Game Boy Games

Click here to take the quiz!

General Stats

  • This quiz has been taken 152 times
  • The average score is 7 of 25

Answer Stats

Hint Answer % Correct
1.Tetris
85%
2.Pokémon series
79%
21.Super Mario Land
74%
4.Super Mario Land 2: Six Golden Coins
62%
3.The Legend of Zelda: Link's Awakening
57%
13.Wario Land: Super Mario Land 3
56%
14.Kirby's Dream Land
47%
6.Donkey Kong
40%
9.Metroid II: Return of Samus
37%
7.Dr. Mario
33%
10.The Legend of Zelda: Oracle of Seasons / Oracle of Ages
25%
17.Donkey Kong Land series
25%
16.Wario Land 3
17%
11.Mega Man V
17%
22.Mario Tennis
15%
18.Gargoyle's Quest
11%
15.Shantae
10%
20.Harvest Moon
10%
25.Pokémon Pinball
10%
8.Metal Gear Solid
9%
5.Mario Picross
7%
19.Kwirk
6%
24.Dragon Warrior I & II
6%
23.Kirby Tilt 'n' Tumble
5%
12.Pokémon Puzzle Challenge
4%

Score Distribution

Percentile by Number Answered

Percent of People with Each Score

Your Score History

You have not taken this quiz